000
00441nam a2200145Ia 4500
008
100204s9999 xx 000 0 und d
082
_b
15524
100
_a
इनामदार ना.स.
245
_a
राजेश्री
260
_b
कॉन्टिनेन्टल प्रकाशन पुणे
_c
1986
300
_a
693
630
_a
राजेश्री
730
_a
राजेश्री
942
_c
BOOK
999
_c
459955
_d
459952